01643nab a2200421uuc4500001000800000005001700008008004100025035001200066040001300078041000800091100003400099245015800133260001000291650003100301650001800332650003600350650003900386650004600425650002300471650003100494650003500525650002300560650002400583650002300607650002700630650003700657650003000694650003900724650002800763650004200791650003700833650004500870700003300915700002800948700002900976773012501005856009101130133335420251202100816.0130619s2011 spa  a1333354 ccomduadb aspa10aGarduño, Everardo4auteaut10aCaracterización socioeconómica y cultural de las mujeres indígenas migerantes en los valles de Maneadero y San Quintín, Baja California, México c2011. aBaja California (México) 7aMujeres2lemb aMujeres - Aspectos económicos aMujeres - Condiciones económicas aMujeres - Condiciones sociales - México aMujeres - México 7aMujeres indígenas2embne aMujeres indígenas - México aEtnias de México aGénero - México aGénero y pobreza 7aDiscriminación2lemb aDiscriminación contra la mujer aDiscriminación étnica aDiscriminación sexual - México aDiscriminación social aMéxico (Ciudad) - Aspectos sociales aMéxico - Aspectos económicos 7aMéxicoxVida social y costumbres2lemb10aNavarro, Alejandra4auteaut10aOvalle, Paola4auteaut10aMata, Carolina4auteaut0 tBoletín de Antropología (Medellín)gVolumen 25, Número 42, Enero-Diciembre 2011, 57-83w148938x0120-25100816694 uhttps://aprendeenlinea.udea.edu.co/revistas/index.php/boletin/article/view/11225/10291